A practical approach to conveyancing (Record no. 110991)

MARC details
000 -LEADER
fixed length control field 01440cam a22002655a 4500
001 - CONTROL NUMBER
control field L150816
008 - FIXED-LENGTH DATA ELEMENTS--GENERAL INFORMATION
fixed length control field 100907s2009 xxk f 000 0 eng d
020 ## - INTERNATIONAL STANDARD BOOK NUMBER
International Standard Book Number 9780199568598
035 ## - SYSTEM CONTROL NUMBER
System control number (Sirsi) u150816
041 0# - LANGUAGE CODE
Language code of text/sound track or separate title eng
050 04 - LIBRARY OF CONGRESS CALL NUMBER
Classification number 346.410438 $2 18
100 1# - MAIN ENTRY--PERSONAL NAME
Personal name Abbey, Robert
245 02 - TITLE STATEMENT
Title A practical approach to conveyancing
250 ## - EDITION STATEMENT
Edition statement 11th ed.
260 ## - PUBLICATION, DISTRIBUTION, ETC.
Place of publication, distribution, etc. Oxford
Name of publisher, distributor, etc. Oxford University Press
Date of publication, distribution, etc. 2010
300 ## - PHYSICAL DESCRIPTION
Extent xxxvi, 617p.
Dimensions 25cm.
505 2# - FORMATTED CONTENTS NOTE
Formatted contents note Taking instructions and other initial matters -- The draft contract -- Pre-contract searches and enquiries, town and country planning -- Deduction and investigation of title -- Exchange of contracts; death or insolvency of contracting parties between exchange and completion -- The purchase deed and mortgage -- Pre-completion procedures and completion -- post-completion procedures: delays and remedies -- Leaseholds and commonhold -- New properties -- Commercial conveyancing -- Business tenancies and the Landlord and Tenant Act 1954, Pt II.
520 ## - SUMMARY, ETC.
Summary, etc. Approaches conveyancing in a pragmatic way, providing practical solutions to everyday problems encountered by conveyancing practitioners. Includes sample documentation and practical guidance.
520 ## - SUMMARY, ETC.
Summary, etc. Supersedes previous editions.
590 ## - LOCAL NOTE (RLIN)
Local note KA
651 #4 - SUBJECT ADDED ENTRY--GEOGRAPHIC NAME
Geographic name England and Wales
Chronological subdivision 1543-
690 ## - LOCAL SUBJECT ADDED ENTRY--TOPICAL TERM (OCLC, RLIN)
Topical term or geographic name as entry element PROPERTY-PROPERTY ACQUISITION AND DISPOSAL-CONVEYANCING
700 1# - ADDED ENTRY--PERSONAL NAME
Personal name Richards, Mark
942 ## - ADDED ENTRY ELEMENTS (KOHA)
Suppress in OPAC 0
Holdings
Withdrawn status Lost status Source of classification or shelving scheme Damaged status Not for loan Home library Current library Shelving location Date acquired Cost, normal purchase price Total Checkouts Full call number Barcode Date last seen Copy number Cost, replacement price Price effective from Koha item type
    Dewey Decimal Classification     London London Books 26/10/2010 18.74   346.410438 ABB 30075492 06/08/2019 1 18.74 06/08/2019 Book